Normal view
MARC view
- W.T.Young
Entry Personal Name
001 - CONTROL NUMBER
- control field: 112687
003 - CONTROL NUMBER IDENTIFIER
- control field: NUST
005 - DATE AND TIME OF LATEST TRANSACTION
- control field: 20230526114809.0
008 - FIXED-LENGTH DATA ELEMENTS
- fixed length control field: 230526|| aca||aabn | a|a d
040 ## - CATALOGING SOURCE
- Original cataloging agency: NUST
- Transcribing agency: NUST
100 ## - HEADING--PERSONAL NAME
- Personal name: W.T.Young
670 ## - SOURCE DATA FOUND
- Source citation: Work cat.: (NUST)193963: W.T.Young , Robert Browning a Selection of poems , 1929
